[Event "9th RTU Open 2019"]
[Site "Riga"]
[Date "2019.08.11"]
[Round "9.15"]
[White "Chandra, Akshat"]
[Black "Krivonosov, Oleg"]
[Result "1/2-1/2"]
[WhiteElo "2522"]
[BlackElo "2416"]
[Annotator "TA"]
[PlyCount "143"]
[EventDate "2019.08.05"]
[EventType "swiss"]
[EventCountry "LAT"]
[SourceTitle "playchess.com"]
[Source "ChessBase"]
[SourceQuality "1"]

{[%evp 23,143,-20,0,-31,30,13,39,6,20,21,58,54,61,60,67,43,67,37,88,89,95,88,97,93,82,95,102,90,90,89,99,92,106,106,125,125,151,155,452,149,149,149,256,125,149,149,149,149,149,129,140,77,79,73,67,58,58,58,58,58,58,58,58,0,0,0,0,0,0,0,0,0,0,-8,-8,-8,-9,-11,0,0,37,40,136,-64,0,-495,0,0,0,-8,-8,-28,-43,-39,0,0,0,0,0,0,0,0,0,-86,-86,-127,-32,-32,-32,-283,-283,-269,-269,-254,-86,-86,-86,-86,-86,-86,-86,-86]} 1. e4 e5 2. Nf3 Nc6 3. Bb5 Nf6 4. d3 Bc5 5. Nbd2 d6 6. c3 O-O 7. O-O Bb6 8. h3 Ne7 9. Ba4 Ng6 10. Nc4 Be6 11. Nxb6 axb6 12. Bc2 h6 13. Re1 {C54: Giuoco Piano: 4 c3 Nf6, main lines with 5 d4 and 5 d3} (13. d4 b5 14. Be3 c6 15. Re1 Qc7 16. a3 Rad8 17. Qd2 Rfe8 18. Rad1 Qe7 19. Qc1 Nh5 20. dxe5 dxe5 21. Rxd8 Rxd8 {1-0 (61) Carlsen,M (2835)-Andreikin,D (2719) St Petersburg 2018}) 13... Nh7 (13... Bxa2 $15 14. b3 c5) 14. d4 Qf6 15. Be3 $146 {White is slightly better.} ({Predecessor:} 15. Nh2 Nf4 16. Ng4 Qg5 17. Qf3 h5 18. dxe5 dxe5 19. Nxe5 Nxh3+ 20. Qxh3 Qxe5 {1-0 (38) Eggleston,D (2363)-Horton,A (2032) Torquay 2013}) 15... Nf4 16. Kh2 Rad8 17. Ng1 Rfe8 18. d5 Bd7 19. c4 Ng5 20. Qd2 Ra8 (20... b5 $14) 21. a4 $16 Ra6 22. b3 Raa8 23. f3 Rf8 24. Rf1 Rae8 25. Rae1 Ng6 26. Ne2 Qd8 27. Ng3 Nh4 28. Nf5 Nxf5 29. exf5 Qf6 30. g4 e4 $2 (30... Nh7 $16 31. Qf2 Qd8) 31. Bxg5 $2 (31. Bd4 $18 e3 32. Qc3) 31... hxg5 32. Bxe4 ({But not} 32. fxe4 Qe5+ 33. Kg2 f6 $16) 32... Re7 {[#]} (32... g6 $16 {might work better.} 33. f4 gxf4) 33. Kg2 (33. h4 $1 $18 {[%mdl 512] is the precise move to win.}) 33... g6 34. fxg6 fxg6 35. Rf2 Kg7 36. Ref1 Qf4 37. Qxf4 (37. Qb2+ $142 Re5 38. Re1) 37... gxf4 38. Re1 g5 39. Rfe2 Kf6 40. Bd3 Rxe2+ 41. Rxe2 $14 {[%mdl 4096] Endgame KRB-KRB} Rh8 42. Re1 Kf7 43. Bf5 ({Better is} 43. Rh1 $14) 43... Bxf5 $11 44. gxf5 {KR-KR} Kf6 45. Re6+ Kxf5 46. Re7 Rc8 47. Kf2 Kf6 48. Rh7 Ke5 49. Ke2 Kd4 50. Kd2 Re8 {With the idea ...Re3.} 51. h4 $1 Rg8 {Black wants to play ...gxh4.} 52. Rf7 ({Much weaker is} 52. Rxc7 gxh4 53. Rh7 Rg2+ 54. Ke1 Ke3 $17) 52... Rh8 (52... gxh4 $14 53. Rxf4+ {[%mdl 64] Double Attack} Kc5) 53. Re7 $2 ({White has to play} 53. hxg5 $16 Rh2+ 54. Ke1) 53... gxh4 (53... Rxh4 $15 54. Re4+ Kc5) 54. Re4+ Kc5 55. Kc3 {[%csl Gc3][%cal Rb3b4] [#]} b5 $1 {[%mdl 512]} 56. b4+ (56. axb5 h3) 56... Kb6 57. cxb5 h3 {White must now prevent ...h2.} 58. Re1 h2 59. Rh1 Rh3 60. Kc4 Ka7 61. a5 Rxf3 {Strongly threatening ...Rf2.} 62. Rxh2 Rf1 63. Rh7 (63. Rc2 $11) 63... f3 $17 64. Kd3 Rd1+ (64... f2 $17 {( -> ...Rd1+)} 65. Ke2 Rb1 66. Kxf2 Rxb4 67. Rxc7 Rxb5) 65. Ke3 $15 Rxd5 66. Kxf3 $2 {[%mdl 8192]} (66. Rxc7 $15 Rxb5 67. Rd7) 66... Rxb5 $19 67. Rxc7 Rxb4 68. Rd7 Rd4 $2 (68... Ka6 $19 {has better winning chances.} 69. Ke3 Kxa5) 69. Ke3 $17 {Black is better.} Rd1 70. Rd8 {[#]} Rd5 $1 71. Ke4 Rxa5 72. Rxd6 {Accuracy: White = 49%, Black = 44%.} 1/2-1/2

[Event "9th RTU Open 2019"]
[Site "Riga"]
[Date "2019.08.11"]
[Round "9.16"]
[White "Ioannidis, Evgenios"]
[Black "Stany, G.A."]
[Result "1-0"]
[WhiteElo "2378"]
[BlackElo "2525"]
[Annotator "ChessBase"]
[PlyCount "105"]
[EventDate "2019.08.05"]
[EventType "swiss"]
[EventCountry "LAT"]
[SourceTitle "playchess.com"]
[Source "ChessBase"]
[SourceQuality "1"]
[TimeControl "5400+30"]

1. Nf3 {[%emt 0:00:01]} g6 {[%emt 0:01:30]} 2. g3 {[%emt 0:01:04]} Bg7 {[%emt 0:00:05]} 3. d4 {[%emt 0:00:29]} d5 {[%emt 0:04:23]} 4. Bg2 {[%emt 0:00:38]} Nf6 {[%emt 0:00:06]} 5. c4 {[%emt 0:00:39]} dxc4 {[%emt 0:02:31]} 6. Na3 {[%emt 0:00:38]} c3 {[%emt 0:00:22]} 7. bxc3 {[%emt 0:00:07]} O-O {[%emt 0:00:06]} 8. O-O {[%emt 0:00:19]} c5 {[%emt 0:00:04]} 9. Ne5 {[%emt 0:01:03]} Nc6 {[%emt 0:04:01]} 10. Nxc6 {[%emt 0:00:45]} bxc6 {[%emt 0:00:05]} 11. Nc4 {[%emt 0:00:18]} Nd5 {[%emt 0:01:51]} 12. Bd2 {[%emt 0:00:41]} Ba6 {[%emt 0:15:04]} 13. Ne5 {[%emt 0:00:27]} Qc7 {[%emt 0:16:28]} 14. Re1 {[%emt 0:08:48]} Rfd8 {[%emt 0:16:50]} 15. Qa4 {[%emt 0:20:36]} Bb5 {[%emt 0:04:49]} 16. Qc2 {[%emt 0:26:32]} Nxc3 {[%emt 0:03:45]} 17. Bf4 {[%emt 0:03:51]} Qa5 {[%emt 0:18:02]} 18. a4 {[%emt 0:01:43]} Bxa4 {[%emt 0:03:41]} 19. Nxc6 {[%emt 0:01:16]} Bxc2 {[%emt 0:00:32]} 20. Rxa5 {[%emt 0:00:06]} cxd4 {[%emt 0:00:36]} 21. Nxd8 {[%emt 0:00:18]} Rxd8 {[%emt 0:00:05]} 22. Rxa7 {[%emt 0:00:27]} e5 {[%emt 0:00:59]} 23. Bg5 {[%emt 0:01:07]} Rb8 {[%emt 0:01:10]} 24. Bd2 {[%emt 0:05:54]} e4 {[%emt 0:00:55]} 25. Rc7 {[%emt 0:00:44]} f5 {[%emt 0:01:02]} 26. e3 {[%emt 0:01:00]} Bd3 {[%emt 0:00:08]} 27. exd4 {[%emt 0:01:55]} Nb5 {[%emt 0:01:25]} 28. Rd7 {[%emt 0:08:32]} Nxd4 {[%emt 0:00:04]} 29. Be3 {[%emt 0:01:21]} Nc2 {[%emt 0:00:14]} 30. Bf4 {[%emt 0:00:03]} Re8 {[%emt 0:02:01]} 31. Rb1 {[%emt 0:04:02]} Nd4 {[%emt 0:00:04]} 32. Rbb7 {[%emt 0:00:26]} Ne6 {[%emt 0:00:11]} 33. Be3 {[%emt 0:01:46]} h6 {[%emt 0:00:30]} 34. h4 {[%emt 0:00:18]} Bf8 {[%emt 0:00:35]} 35. Rb6 {[%emt 0:02:03]} Bg7 {[%emt 0:01:26]} 36. Bh3 {[%emt 0:01:28]} h5 {[%emt 0:00:21]} 37. Rbb7 {[%emt 0:01:54]} Ba6 {[%emt 0:00:12]} 38. Ra7 {[%emt 0:00:29]} Bb5 {[%emt 0:00:17]} 39. Rdb7 {[%emt 0:00:07]} Bd3 {[%emt 0:00:13]} 40. Bf1 {[%emt 0:00:42]} Bxf1 {[%emt 0:00:20]} 41. Kxf1 {[%emt 0:00:03]} Bf8 {[%emt 0:00:21]} 42. Ra6 {[%emt 0:00:36]} Bg7 {[%emt 0:00:18]} 43. Ke2 {[%emt 0:00:24]} Bf8 {[%emt 0:00:05]} 44. Kd2 {[%emt 0:00:49]} Bg7 {[%emt 0:00:10]} 45. Kc2 {[%emt 0:00:25]} Rc8+ {[%emt 0:01:14]} 46. Kb3 {[%emt 0:00:11]} Nf8 {[%emt 0:00:13]} 47. Raa7 {[%emt 0:01:29]} Ne6 {[%emt 0:00:15]} 48. Re7 {[%emt 0:02:02]} Rc6 {[%emt 0:00:23]} 49. Re8+ {[%emt 0:00:28]} Nf8 {[%emt 0:01:43]} 50. Kb4 {[%emt 0:00:03]} Rf6 {[%emt 0:01:32]} 51. Rxg7+ {[%emt 0:00:19]} Kxg7 {[%emt 0:00:05]} 52. Bd4 {[%emt 0:00:02]} Kf7 {[%emt 0:00:06]} 53. Rxf8+ {[%emt 0:00:04]} 1-0

[Event "9th RTU Open 2019"]
[Site "Riga"]
[Date "2019.08.11"]
[Round "9.17"]
[White "Nevednichy, Vladislav"]
[Black "Baskin, Robert"]
[Result "1/2-1/2"]
[WhiteElo "2531"]
[BlackElo "2398"]
[Annotator "ChessBase"]
[PlyCount "100"]
[EventDate "2019.08.05"]
[EventType "swiss"]
[EventCountry "LAT"]
[SourceTitle "playchess.com"]
[Source "ChessBase"]
[SourceQuality "1"]
[TimeControl "5400+30"]

1. e4 {[%emt 0:00:00]} c5 {[%emt 0:00:00]} 2. Nf3 {[%emt 0:01:28]} Nc6 {[%emt 0:00:05]} 3. d4 {[%emt 0:00:14]} cxd4 {[%emt 0:00:34]} 4. Nxd4 {[%emt 0:00:03]} Nf6 {[%emt 0:00:33]} 5. Nc3 {[%emt 0:00:06]} e5 {[%emt 0:00:13]} 6. Ndb5 {[%emt 0:00:15]} d6 {[%emt 0:00:07]} 7. Bg5 {[%emt 0:00:11]} a6 {[%emt 0:00:08]} 8. Na3 {[%emt 0:00:07]} b5 {[%emt 0:00:04]} 9. Nd5 {[%emt 0:00:08]} Be7 {[%emt 0:00:06]} 10. Bxf6 {[%emt 0:00:05]} Bxf6 {[%emt 0:00:05]} 11. c4 {[%emt 0:06:49]} b4 {[%emt 0:00:17]} 12. Nc2 {[%emt 0:00:04]} a5 {[%emt 0:00:11]} 13. h4 {[%emt 0:01:16]} O-O {[%emt 0:01:50]} 14. g3 {[%emt 0:00:37]} a4 {[%emt 0:00:46]} 15. Ndxb4 {[%emt 0:08:09]} Nxb4 {[%emt 0:02:49]} 16. Nxb4 {[%emt 0:00:17]} Qb6 {[%emt 0:04:29]} 17. a3 {[%emt 0:06:19]} Bd8 {[%emt 0:01:17]} 18. Bd3 {[%emt 0:14:56]} Be6 {[%emt 0:20:03]} 19. Qe2 {[%emt 0:11:08]} Qc5 {[%emt 0:02:30]} 20. O-O {[%emt 0:09:53]} Ba5 {[%emt 0:01:14]} 21. Nd5 {[%emt 0:00:06]} Rfb8 {[%emt 0:00:13]} 22. Rab1 {[%emt 0:07:18]} Rb3 {[%emt 0:01:18]} 23. Kg2 {[%emt 0:00:14]} Rab8 {[%emt 0:00:48]} 24. Rfd1 {[%emt 0:00:18]} Qa7 {[%emt 0:06:57]} 25. Ne3 {[%emt 0:06:49]} Qc5 {[%emt 0:13:15]} 26. h5 {[%emt 0:02:17]} Bd8 {[%emt 0:12:46]} 27. Nd5 {[%emt 0:02:08]} Bxd5 {[%emt 0:03:06]} 28. cxd5 {[%emt 0:01:42]} Bg5 {[%emt 0:00:31]} 29. Kf1 {[%emt 0:05:21]} h6 {[%emt 0:04:45]} 30. Qc2 {[%emt 0:03:29]} Qxc2 {[%emt 0:03:48]} 31. Bxc2 {[%emt 0:00:02]} Rxb2 {[%emt 0:00:04]} 32. Rxb2 {[%emt 0:00:09]} Rxb2 {[%emt 0:00:04]} 33. Bxa4 {[%emt 0:00:03]} Ra2 {[%emt 0:00:07]} 34. Rb1 {[%emt 0:03:39]} Rxa3 {[%emt 0:00:46]} 35. Rb8+ {[%emt 0:00:11]} Kh7 {[%emt 0:00:04]} 36. Be8 {[%emt 0:00:39]} Rf3 {[%emt 0:03:17]} 37. Rb7 {[%emt 0:02:20]} Kg8 {[%emt 0:00:31]} 38. Ke2 {[%emt 0:02:23]} Rf6 {[%emt 0:00:06]} 39. Bd7 {[%emt 0:00:26]} g6 {[%emt 0:00:48]} 40. hxg6 {[%emt 0:02:55]} Rxg6 {[%emt 0:00:11]} 41. Bg4 {[%emt 0:01:17]} Bc1 {[%emt 0:01:36]} 42. Bf5 {[%emt 0:01:28]} Rf6 {[%emt 0:00:21]} 43. Rb3 {[%emt 0:00:21]} h5 {[%emt 0:01:52]} 44. Rb1 {[%emt 0:00:33]} Bg5 {[%emt 0:00:09]} 45. Rf1 {[%emt 0:00:18]} Rh6 {[%emt 0:00:20]} 46. Kf3 {[%emt 0:02:38]} h4 {[%emt 0:01:29]} 47. Kg4 {[%emt 0:00:14]} Bf6 {[%emt 0:01:24]} 48. Rb1 {[%emt 0:01:01]} Kg7 {[%emt 0:01:21]} 49. Kf3 {[%emt 0:00:14]} hxg3 {[%emt 0:00:09]} 50. fxg3 {[%emt 0:00:02]} Be7 {[%emt 0:02:23]} 1/2-1/2

[Event "9th RTU Open 2019"]
[Site "Riga"]
[Date "2019.08.11"]
[Round "9.18"]
[White "Shailesh, Dravid"]
[Black "Salomon, Johan"]
[Result "0-1"]
[WhiteElo "2254"]
[BlackElo "2514"]
[Annotator "ChessBase"]
[PlyCount "86"]
[EventDate "2019.08.05"]
[EventType "swiss"]
[EventCountry "LAT"]
[SourceTitle "playchess.com"]
[Source "ChessBase"]
[SourceQuality "1"]
[TimeControl "5400+30"]

1. e4 {[%emt 0:00:00]} c5 {[%emt 0:00:00]} 2. Nf3 {[%emt 0:00:00]} d6 {[%emt 0:00:00]} 3. d4 {[%emt 0:00:00]} cxd4 {[%emt 0:00:00]} 4. Nxd4 {[%emt 0:00:00]} Nf6 {[%emt 0:00:00]} 5. Nc3 {[%emt 0:00:00]} a6 {[%emt 0:00:00]} 6. Qf3 {[%emt 0:00:31]} g6 {[%emt 0:00:00]} 7. h3 {[%emt 0:00:17]} Bg7 {[%emt 0:00:05]} 8. Be3 {[%emt 0:00:51]} O-O {[%emt 0:00:08]} 9. g4 {[%emt 0:01:38]} Nc6 {[%emt 0:04:31]} 10. O-O-O {[%emt 0:02:06]} Nd7 {[%emt 0:17:49]} 11. Qg3 {[%emt 0:03:51]} Na5 {[%emt 0:00:15]} 12. h4 {[%emt 0:07:55]} Ne5 {[%emt 0:00:09]} 13. f3 {[%emt 0:14:38]} Nec4 {[%emt 0:08:00]} 14. Bf2 {[%emt 0:01:17]} e5 {[%emt 0:06:51]} 15. Nb3 {[%emt 0:04:12]} Be6 {[%emt 0:00:13]} 16. g5 {[%emt 0:04:17]} h5 {[%emt 0:04:33]} 17. Nd5 {[%emt 0:03:33]} b5 {[%emt 0:08:24]} 18. Kb1 {[%emt 0:02:29]} Bxd5 {[%emt 0:01:12]} 19. Rxd5 {[%emt 0:01:21]} Nxb3 {[%emt 0:02:02]} 20. cxb3 {[%emt 0:04:02]} Nb6 {[%emt 0:00:06]} 21. Rd1 {[%emt 0:00:58]} Qc7 {[%emt 0:01:39]} 22. Bh3 {[%emt 0:01:30]} Rfd8 {[%emt 0:03:23]} 23. Rd2 {[%emt 0:01:51]} d5 {[%emt 0:06:05]} 24. Rc1 {[%emt 0:02:19]} Qb7 {[%emt 0:00:05]} 25. Bxb6 {[%emt 0:00:16]} Qxb6 {[%emt 0:00:01]} 26. exd5 {[%emt 0:00:49]} Qe3 {[%emt 0:00:14]} 27. Qg2 {[%emt 0:02:47]} Rd6 {[%emt 0:00:47]} 28. Bc8 {[%emt 0:05:17]} Ra7 {[%emt 0:03:52]} 29. Rc6 {[%emt 0:04:37]} Qe1+ {[%emt 0:03:50]} 30. Kc2 {[%emt 0:00:14]} Bf8 {[%emt 0:00:52]} 31. Re2 {[%emt 0:04:55]} Qa5 {[%emt 0:02:40]} 32. f4 {[%emt 0:05:44]} Rc7 {[%emt 0:02:47]} 33. Bh3 {[%emt 0:06:50]} Rcxc6+ {[%emt 0:03:28]} 34. dxc6 {[%emt 0:00:02]} Qc7 {[%emt 0:00:06]} 35. fxe5 {[%emt 0:00:08]} Rxc6+ {[%emt 0:00:08]} 36. Kd3 {[%emt 0:00:04]} Rc1 {[%emt 0:05:04]} 37. Ke4 {[%emt 0:00:58]} Bg7 {[%emt 0:05:03]} 38. Kf4 {[%emt 0:01:13]} Rc5 {[%emt 0:01:42]} 39. Qa8+ {[%emt 0:00:08]} Kh7 {[%emt 0:00:17]} 40. Qe8 {[%emt 0:00:15]} Rd5 {[%emt 0:01:46]} 41. Qa8 {[%emt 0:03:49]} Qc1+ {[%emt 0:03:54]} 42. Kf3 {[%emt 0:00:12]} Rd3+ {[%emt 0:00:30]} 43. Kg2 {[%emt 0:00:16]} Qf4 {[%emt 0:00:13]} 0-1

[Event "9th RTU Open 2019"]
[Site "Riga"]
[Date "2019.08.11"]
[Round "9.19"]
[White "Lobanov, Sergei"]
[Black "Berzinsh, Roland"]
[Result "1-0"]
[WhiteElo "2505"]
[BlackElo "2386"]
[Annotator "ChessBase"]
[PlyCount "63"]
[EventDate "2019.08.05"]
[EventType "swiss"]
[EventCountry "LAT"]
[SourceTitle "playchess.com"]
[Source "ChessBase"]
[SourceQuality "1"]
[TimeControl "5400+30"]

1. e4 {[%emt 0:00:22]} e5 {[%emt 0:00:00]} 2. Nf3 {[%emt 0:00:05]} Nc6 {[%emt 0:00:00]} 3. Bc4 {[%emt 0:00:10]} Nf6 {[%emt 0:00:24]} 4. d3 {[%emt 0:00:05]} Be7 {[%emt 0:00:09]} 5. O-O {[%emt 0:00:28]} O-O {[%emt 0:00:13]} 6. Re1 {[%emt 0:00:04]} d6 {[%emt 0:00:10]} 7. a4 {[%emt 0:00:07]} Be6 {[%emt 0:00:17]} 8. Nc3 {[%emt 0:03:18]} Nd4 {[%emt 0:10:38]} 9. Nxd4 {[%emt 0:05:37]} exd4 {[%emt 0:00:12]} 10. Ne2 {[%emt 0:00:32]} Bxc4 {[%emt 0:03:05]} 11. dxc4 {[%emt 0:00:01]} Nxe4 {[%emt 0:00:10]} 12. Nxd4 {[%emt 0:00:14]} Nc5 {[%emt 0:00:05]} 13. Ra3 {[%emt 0:04:22]} Bf6 {[%emt 0:04:39]} 14. Rh3 {[%emt 0:20:43]} Re8 {[%emt 0:00:53]} 15. Be3 {[%emt 0:00:04]} g6 {[%emt 0:16:55]} 16. b3 {[%emt 0:05:07]} Re4 {[%emt 0:06:09]} 17. Ne2 {[%emt 0:02:08]} Qe7 {[%emt 0:02:23]} 18. Qd2 {[%emt 0:03:59]} Re8 {[%emt 0:04:09]} 19. Rd1 {[%emt 0:03:33]} Rg4 {[%emt 0:08:14]} 20. Nf4 {[%emt 0:06:40]} c6 {[%emt 0:00:25]} 21. Bxc5 {[%emt 0:05:08]} dxc5 {[%emt 0:03:35]} 22. Re3 {[%emt 0:02:19]} Qf8 {[%emt 0:00:13]} 23. Qd7 {[%emt 0:01:49]} Rxe3 {[%emt 0:01:46]} 24. fxe3 {[%emt 0:00:06]} h5 {[%emt 0:01:53]} 25. Kf2 {[%emt 0:00:34]} Be5 {[%emt 0:13:37]} 26. g3 {[%emt 0:00:46]} Rg5 {[%emt 0:09:35]} 27. Qxb7 {[%emt 0:00:19]} h4 {[%emt 0:00:35]} 28. Qxc6 {[%emt 0:00:23]} hxg3+ {[%emt 0:00:31]} 29. hxg3 {[%emt 0:00:04]} Rf5 {[%emt 0:01:18]} 30. Kg2 {[%emt 0:01:50]} Qe7 {[%emt 0:00:14]} 31. Qa8+ {[%emt 0:01:05]} Kg7 {[%emt 0:00:43]} 32. Rh1 {[%emt 0:00:06]} 1-0

[Event "9th RTU Open 2019"]
[Site "Riga"]
[Date "2019.08.11"]
[Round "9.20"]
[White "Keinanen, Toivo"]
[Black "Stremavicius, Titas"]
[Result "0-1"]
[WhiteElo "2386"]
[BlackElo "2474"]
[Annotator "ChessBase"]
[PlyCount "120"]
[EventDate "2019.08.05"]
[EventType "swiss"]
[EventCountry "LAT"]
[SourceTitle "playchess.com"]
[Source "ChessBase"]
[SourceQuality "1"]
[TimeControl "5400+30"]

1. c4 {[%emt 0:03:48]} f5 {[%emt 0:00:00]} 2. d4 {[%emt 0:01:09]} Nf6 {[%emt 0:00:00]} 3. Nc3 {[%emt 0:00:08]} e6 {[%emt 0:00:10]} 4. e3 {[%emt 0:01:35]} d5 {[%emt 0:00:58]} 5. Bd3 {[%emt 0:06:40]} c6 {[%emt 0:00:17]} 6. Qc2 {[%emt 0:02:15]} Bd6 {[%emt 0:01:24]} 7. h3 {[%emt 0:06:33]} O-O {[%emt 0:16:15]} 8. g4 {[%emt 0:02:03]} dxc4 {[%emt 0:01:52]} 9. Bxc4 {[%emt 0:02:33]} b5 {[%emt 0:07:37]} 10. Bb3 {[%emt 0:04:07]} Kh8 {[%emt 0:03:00]} 11. Nf3 {[%emt 0:01:38]} Na6 {[%emt 0:04:43]} 12. Ng5 {[%emt 0:04:32]} Qe7 {[%emt 0:13:21]} 13. e4 {[%emt 0:07:54]} e5 {[%emt 0:05:17]} 14. d5 {[%emt 0:10:50]} b4 {[%emt 0:11:12]} 15. Ne2 {[%emt 0:04:15]} cxd5 {[%emt 0:00:35]} 16. exf5 {[%emt 0:03:53]} Nc5 {[%emt 0:02:18]} 17. O-O {[%emt 0:03:45]} a5 {[%emt 0:00:34]} 18. Qd1 {[%emt 0:01:50]} Ba6 {[%emt 0:01:24]} 19. Ng3 {[%emt 0:02:19]} Bxf1 {[%emt 0:02:22]} 20. Nxf1 {[%emt 0:00:37]} e4 {[%emt 0:03:38]} 21. Be3 {[%emt 0:02:18]} h6 {[%emt 0:06:33]} 22. Bxc5 {[%emt 0:00:33]} hxg5 {[%emt 0:02:15]} 23. Be3 {[%emt 0:05:29]} Bf4 {[%emt 0:00:22]} 24. h4 {[%emt 0:06:49]} Bxe3 {[%emt 0:04:15]} 25. Nxe3 {[%emt 0:00:13]} gxh4 {[%emt 0:00:54]} 26. Ng2 {[%emt 0:02:42]} g5 {[%emt 0:01:55]} 27. fxg6 {[%emt 0:00:36]} Qe5 {[%emt 0:02:06]} 28. Nxh4 {[%emt 0:03:10]} Qg5 {[%emt 0:03:36]} 29. Nf5 {[%emt 0:01:42]} Qxg6 {[%emt 0:00:02]} 30. Ne3 {[%emt 0:02:12]} Ra7 {[%emt 0:00:50]} 31. Qd4 {[%emt 0:01:41]} Rg7 {[%emt 0:01:42]} 32. Bd1 {[%emt 0:05:26]} Nh7 {[%emt 0:00:41]} 33. Kf1 {[%emt 0:00:41]} Qf6 {[%emt 0:01:35]} 34. Qxf6 {[%emt 0:00:11]} Nxf6 {[%emt 0:00:01]} 35. Be2 {[%emt 0:00:32]} d4 {[%emt 0:00:36]} 36. Nf5 {[%emt 0:00:01]} d3 {[%emt 0:00:14]} 37. Nxg7 {[%emt 0:00:52]} dxe2+ {[%emt 0:00:06]} 38. Kxe2 {[%emt 0:00:00]} Kxg7 {[%emt 0:00:08]} 39. f3 {[%emt 0:00:33]} Rc8 {[%emt 0:01:57]} 40. g5 {[%emt 0:00:58]} exf3+ {[%emt 0:01:17]} 41. Kxf3 {[%emt 0:00:01]} Nh7 {[%emt 0:00:37]} 42. Ke4 {[%emt 0:00:46]} Rd8 {[%emt 0:01:12]} 43. Kf5 {[%emt 0:01:03]} Rd5+ {[%emt 0:00:19]} 44. Ke4 {[%emt 0:00:35]} Rd2 {[%emt 0:01:09]} 45. b3 {[%emt 0:00:00]} Nxg5+ {[%emt 0:00:18]} 46. Ke3 {[%emt 0:00:01]} Rb2 {[%emt 0:00:39]} 47. Kd4 {[%emt 0:00:26]} Ne6+ {[%emt 0:00:21]} 48. Kc4 {[%emt 0:00:52]} Kf6 {[%emt 0:00:48]} 49. a3 {[%emt 0:00:53]} Rc2+ {[%emt 0:00:07]} 50. Kb5 {[%emt 0:00:25]} Nd4+ {[%emt 0:00:01]} 51. Ka4 {[%emt 0:00:17]} bxa3 {[%emt 0:01:18]} 52. Rxa3 {[%emt 0:00:53]} Nc6 {[%emt 0:00:26]} 53. Kb5 {[%emt 0:00:28]} Ke5 {[%emt 0:00:25]} 54. Ra1 {[%emt 0:00:15]} Nd4+ {[%emt 0:00:42]} 55. Ka4 {[%emt 0:00:14]} Kd5 {[%emt 0:00:27]} 56. b4 {[%emt 0:00:55]} Kc4 {[%emt 0:00:28]} 57. b5 {[%emt 0:00:37]} Nb3 {[%emt 0:00:34]} 58. Ra3 {[%emt 0:00:44]} Rb2 {[%emt 0:00:18]} 59. b6 {[%emt 0:00:23]} Nc5+ {[%emt 0:00:05]} 60. Kxa5 {[%emt 0:00:02]} Rb5# {[%emt 0:00:08]} 0-1

[Event "9th RTU Open 2019"]
[Site "Riga"]
[Date "2019.08.11"]
[Round "9.21"]
[White "Bauer, Christian"]
[Black "Manish Anto Cristiano F"]
[Result "1/2-1/2"]
[WhiteElo "2646"]
[BlackElo "2208"]
[Annotator "TA"]
[PlyCount "109"]
[EventDate "2019.08.05"]
[EventType "swiss"]
[EventCountry "LAT"]
[SourceTitle "playchess.com"]
[Source "ChessBase"]
[SourceQuality "1"]

{[%evp 24,109,2,4,59,55,55,45,51,47,47,32,42,38,37,42,60,61,60,64,83,93,84,90,86,75,91,95,91,72,78,66,92,85,88,52,54,42,42,34,42,47,33,32,37,20,16,12,16,6,6,6,6,6,7,7,7,0,0,0,7,7,7,7,7,0,0,0,0,0,0,5,13,13,13,13,13,13,13,0,0,0,0,0,0,0,0,0]} 1. Nf3 d5 2. c4 c6 3. e3 Nf6 4. Nc3 e6 5. b3 Nbd7 6. Qc2 Bd6 7. Bb2 O-O 8. Be2 a6 9. d4 e5 10. cxd5 cxd5 11. dxe5 Nxe5 12. Rd1 Be6 13. O-O Nxf3+ {D45: Semi-Slav: 5 e3} (13... Re8 $11) (13... Rc8 14. Qb1 Qc7 15. h3 Rfd8 16. Nd4 Nc6 17. Na4 Ne4 18. Bd3 Nxd4 19. Bxd4 Re8 20. Qb2 f6 21. Rc1 {½-½ (35) Fressinet,L (2710)-Saric,I (2661) Linares 2015}) 14. Bxf3 $14 Qc7 15. h3 Bh2+ {White is slightly better.} 16. Kh1 {Hoping for g3.} Be5 17. Qd2 Rac8 {[%cal Re5c3]} 18. Ne2 Ne4 $146 ({Predecessor:} 18... Bxb2 19. Qxb2 Qc2 20. Rd2 Qxb2 21. Rxb2 {0-1 (65) Drasko,M (2505)-Nikcevic,N (2409) Cetinje 2010}) 19. Bxe5 Nxd2 20. Bxc7 Nxf3 21. Rc1 $1 Nd2 22. Rfd1 Ne4 23. Kg1 g5 24. Nd4 Rfe8 25. f3 Nf6 26. Rc3 Bd7 27. Rdc1 h6 28. Kf2 Kh7 29. a4 Ng8 30. Nc2 Ne7 31. Nb4 Be6 32. Rc5 Kg6 33. a5 h5 34. Bb6 Rxc5 $1 {The position is equal.} 35. Bxc5 Rc8 36. Nd3 Nc6 37. Bb6 Nb4 38. Ne5+ Kf6 39. Rxc8 Bxc8 $11 {[%mdl 4096] Endgame KBN-KBN} 40. Bc7 Ke6 {[#] ...f6 is the strong threat.} 41. Ke2 f6 42. Nd3 Nxd3 43. Kxd3 {KB-KB} Bd7 44. g3 Bb5+ 45. Kd2 Bf1 46. h4 gxh4 47. gxh4 Kf5 48. Bd8 Bb5 49. Bb6 Bf1 50. Bd4 Bb5 51. Kc3 Be2 52. f4 Bd1 53. Kb4 Ke4 54. Kc3 f5 55. b4 {Accuracy: White = 58%, Black = 73%.} 1/2-1/2

[Event "9th RTU Open 2019"]
[Site "Riga"]
[Date "2019.08.11"]
[Round "9.22"]
[White "Galchenko, Matvey"]
[Black "Hovhannisyan, Robert"]
[Result "0-1"]
[WhiteElo "2383"]
[BlackElo "2640"]
[Annotator "TA"]
[PlyCount "100"]
[EventDate "2019.08.05"]
[EventType "swiss"]
[EventCountry "LAT"]
[SourceTitle "playchess.com"]
[Source "ChessBase"]
[SourceQuality "1"]

{[%evp 9,100,1,10,0,0,0,0,0,0,-14,-8,-8,17,15,4,13,12,0,9,0,8,5,20,25,25,23,22,20,22,14,24,10,11,10,10,8,13,14,22,18,42,13,20,9,9,5,8,8,7,0,0,0,0,0,0,0,0,0,0,0,0,0,0,0,0,0,0,0,0,0,8,0,0,0,0,0,0,0,0,-141,-153,-419,-380,-404,-382,-514,-535,-637,-627,-734,-755,-741,-718]} 1. c4 e5 2. g3 c6 3. Nf3 e4 4. Nd4 d5 5. d3 Bc5 6. Nb3 {A20: English Opening: 1...e5} Bb4+ 7. Bd2 Bxd2+ 8. Qxd2 {The position is equal.} exd3 9. exd3 $146 ({Predecessor:} 9. Qxd3 dxc4 10. Qxc4 Nf6 11. Bg2 {1-0 (59) Yu,Y (2750)-Gao,R (2543) China 2017}) 9... Qe7+ 10. Be2 dxc4 11. dxc4 Nf6 12. O-O O-O 13. Nc3 Na6 14. Rfd1 Be6 15. Qd6 Qxd6 16. Rxd6 Rad8 17. Rad1 Rxd6 18. Rxd6 Re8 19. f3 Kf8 20. Kf2 Ke7 21. Rd2 (21. Rd1 {is more complex.} Rd8 22. Rxd8 Kxd8 23. a3 b6 24. Nd4) 21... Rd8 22. Rxd8 Kxd8 23. Ke3 Kc7 24. Nd4 Bc8 25. Bd3 g6 26. a3 Nc5 27. b4 Nxd3 28. Kxd3 $11 {[%mdl 4096] Endgame KBN-KNN} b6 29. b5 c5 30. Nc6 Bb7 31. Ne5 Nd7 32. Nxf7 Bxf3 33. Ke3 Bg2 34. Kf4 Nf6 35. Nd1 Kd7 36. Ne3 Ba8 37. g4 Ke7 38. Ne5 Ke6 {[#] aiming for ...g5+!} 39. h4 Ne8 40. Nd1 Nd6 41. Ne3 Be4 42. g5 Bb1 43. Nc6 Ba2 44. Nxa7 (44. Nd8+ $1 $11 Kd7 45. Nc6) 44... Bxc4 $17 45. Ng4 $2 (45. Kg3 $17 {was called for.}) 45... Bxb5 $19 46. Nf6 h5 47. Ne4 {[#] Threatens to win with Nxd6.} Bd7 {Black is clearly winning.} 48. Nc3 b5 49. Ne2 Kd5 50. Ke3 Nf5+ {Accuracy: White = 44%, Black = 77%.} 0-1